[Event "Chigorin Memorial 30th"]
[Site "St Petersburg"]
[Date "2023.10.25"]
[Round "5"]
[White "Miroshnikov, Eduard"]
[Black "Davydov, Nikita"]
[Result "0-1"]
[WhiteElo "1210"]
[BlackElo "1827"]
[PlyCount "98"]
[EventDate "2023.10.21"]
[EventType "swiss"]
[EventRounds "9"]
[EventCountry "RUS"]
[SourceTitle "Mega2024 Update 01"]
[Source "Chessbase"]
[SourceDate "2023.11.12"]
[SourceVersion "1"]
[SourceVersionDate "2023.11.12"]
[SourceQuality "1"]

1. e4 c5 2. Nf3 d6 3. d4 cxd4 4. Nxd4 Nf6 5. Nc3 g6 6. f3 Bg7 7. Be3 0-0 8. Bc4 Nc6 9. Qd2 Bd7 10. 0-0-0 Rb8 11. h4 b5 12. Bb3 Na5 13. g4 Nc4 14. Bxc4 bxc4 15. Nd5 Nxd5 16. exd5 Qb6 17. c3 Qa5 18. Kb1 Qxd5 19. h5 e5 20. Bh6 exd4 21. Bxg7 Kxg7 22. hxg6 hxg6 23. Qh6+ Kf6 24. Rxd4 Qg5 25. Rf4+ Bf5+ 26. gxf5 Qxh6 27. Rxh6 Kg5 28. Rfh4 Kxf5 29. Rxc4 Rfe8 30. Rh2 Rb7 31. Rd4 Re3 32. Rf2 Rxc3 33. Rxd6 Re3 34. Kc2 Kf4 35. b3 Kg3 36. Rfd2 Rxf3 37. Rd7 Rxd7 38. Rxd7 Rf2+ 39. Kb1 a5 40. a4 Rf5 41. Kc2 g5 42. Kd2 g4 43. Ke1 Kg2 44. Rd2+ Kg1 45. Rd4 g3 46. Rg4 Re5+ 47. Kd2 g2 48. b4 axb4 49. Rxb4 Kf2 0-1

[Event "Chigorin Memorial 30th"]
[Site "St Petersburg"]
[Date "2023.10.24"]
[Round "4"]
[White "Davydov, Nikita"]
[Black "Garmash, Aliona"]
[Result "0-1"]
[WhiteElo "1827"]
[BlackElo "2070"]
[PlyCount "120"]
[EventDate "2023.10.21"]
[EventType "swiss"]
[EventRounds "9"]
[EventCountry "RUS"]
[SourceTitle "Mega2024 Update 01"]
[Source "Chessbase"]
[SourceDate "2023.11.12"]
[SourceVersion "1"]
[SourceVersionDate "2023.11.12"]
[SourceQuality "1"]

1. e4 e6 2. d4 d5 3. Nc3 Nf6 4. e5 Nfd7 5. f4 c5 6. Nf3 Nc6 7. Be3 cxd4 8. Nxd4 Qb6 9. Qd2 Qxb2 10. Rb1 Qa3 11. Bb5 Nxd4 12. Bxd4 a6 13. Bxd7+ Bxd7 14. Rb3 Qe7 15. Rxb7 Qh4+ 16. Bf2 Qd8 17. 0-0 Qc8 18. Rfb1 Bc5 19. Bxc5 Qxc5+ 20. Kh1 Rd8 21. R7b4 Rc8 22. R1b3 0-0 23. Rd4 f6 24. exf6 Rxf6 25. h3 Be8 26. Rd3 Bg6 27. Rg3 Qc4 28. Rb7 Qxf4 29. Qxf4 Rxf4 30. Rb6 Rf6 31. Rxa6 Bxc2 32. Kh2 Bg6 33. a4 d4 34. Nb5 Rd8 35. Rd6 Rxd6 36. Nxd6 e5 37. Nc4 e4 38. a5 e3 39. Nxe3 dxe3 40. Rxe3 Rf2 41. Ra3 Be4 42. Kg3 Rf7 43. Re3 Ba8 44. Re8+ Rf8 45. Re7 Rc8 46. a6 h6 47. h4 Kh7 48. h5 Rc5 49. a7 Rg5+ 50. Kh4 Bxg2 51. Re2 Bf3 52. Re3 Rxh5+ 53. Kg3 Bh1 54. Re1 Ra5 55. Rxh1 Rxa7 56. Rh5 g6 57. Rb5 h5 58. Rc5 Ra4 59. Rb5 Kh6 60. Rc5 Ra3+ 0-1

[Event "St Petersburg Korchnoi Memorial op"]
[Site "St Petersburg"]
[Date "2023.08.22"]
[Round "7"]
[White "Chentsov, Daniil"]
[Black "Davydov, Nikita"]
[Result "1/2-1/2"]
[WhiteElo "1947"]
[BlackElo "1680"]
[PlyCount "81"]
[EventDate "2023.08.18"]
[EventType "swiss"]
[EventRounds "9"]
[EventCountry "RUS"]
[SourceTitle "EXT 2024"]
[Source "ChessBase"]
[SourceDate "2023.10.10"]
[SourceVersion "1"]
[SourceVersionDate "2023.10.10"]
[SourceQuality "1"]

1. e4 c5 2. Nf3 d6 3. d4 cxd4 4. Nxd4 Nf6 5. Nc3 g6 6. Be3 Bg7 7. f3 0-0 8. Qd2 Nc6 9. 0-0-0 d5 10. exd5 Nxd5 11. Nxc6 bxc6 12. Bd4 Nxc3 13. Bxc3 Qxd2+ 14. Kxd2 Rd8+ 15. Bd3 Ba6 16. Bxg7 Bxd3 17. Kc3 Bxc2 18. Rxd8+ Rxd8 19. Bd4 Rd7 20. g4 Ba4 21. Re1 f6 22. f4 Kf7 23. h4 Bb5 24. b3 Ba6 25. g5 Bc8 26. Bc5 Rb7 27. b4 Be6 28. a4 a6 29. Rd1 Rd7 30. Rxd7 Bxd7 31. a5 Bg4 32. Kd4 Ke6 33. Ke3 Bd1 34. Kf2 fxg5 35. hxg5 Kf5 36. Kg3 e5 37. Bd6 exf4+ 38. Bxf4 Ba4 39. Bc1 Bb5 40. Bf4 Bc4 41. Bc1 1/2-1/2